Pragati question-answers : Co-operative banking (Record no. 92390)

MARC details
000 -LEADER
fixed length control field 00484nam a2200193Ia 4500
005 - DATE AND TIME OF LATEST TRANSACTION
control field 20230425211028.0
008 - FIXED-LENGTH DATA ELEMENTS--GENERAL INFORMATION
fixed length control field 230125s9999 xx 000 0 und d
041 ## - LANGUAGE CODE
Language code of text/sound track or separate title eng
082 ## - DEWEY DECIMAL CLASSIFICATION NUMBER
Classification number 332.1
Item number VAZ
100 ## - MAIN ENTRY--PERSONAL NAME
Author Vaze A T
245 ## - TITLE STATEMENT
Title Pragati question-answers : Co-operative banking
260 ## - PUBLICATION, DISTRIBUTION, ETC.
Date of publication, distribution, etc. 2003
Name of publisher, distributor, etc. Pragati publications
Place of publication, distribution, etc. Pune
300 ## - PHYSICAL DESCRIPTION
Extent 203p
500 ## - GENERAL NOTE
Keywords Banking<br/>
650 ## - SUBJECT ADDED ENTRY--TOPICAL TERM
Topical term or geographic name entry element Banking
700 ## - ADDED ENTRY--PERSONAL NAME
Personal name Vaze A T & Pawar I D
942 ## - ADDED ENTRY ELEMENTS (KOHA)
Koha item type Books
Holdings
Withdrawn status Lost status Damaged status Not for loan Home library Current library Date acquired Vendor Full call number Barcode Date last seen Bill Date Koha item type Original Barcode
        Smt. Hiraben Nanavati Institute of Management & Research for Women Smt. Hiraben Nanavati Institute of Management & Research for Women 25/11/2005 Satya Gilani 332.1 VAZ DB0970 HIMR-DB-970 25/01/2023 19/11/2005 Donated Book DB0970